LEADER 01069nam a2200229 i 4500 001 000000058734 003 CaOOAMICUS 005 20090331000000.0 008 090331s1962 xx u000 u fre u 013 $a29906 040 $aSeMil$bita 100 1 $aCardinale, Igino.$0(OLS)http://semarc/name/29961 245 13$aLe Saint-Siège et la diplomatie :$baperçu historique, juridique et pratique de la diplomatie pontificale /$cMgr Igino Cardinale. 260 $aRoma - Parigi - Tournai - New-York :$bDesclée & C.,$c1962. 300 $a342 p., [6] p. di tav. ;$c26 cm. 500 $aContiene : Appendices. 650 4$aSanta Sede.$0(OLS)http://semarc/subject/4519 850 $aSeMil 852 $aSeMil$W1$xVenegono$y1$m3A III 65$j24887$B24887$CSeMilBibl$Z2$F24890 $81 961 $aAcquisto: Casa editrice 996 $6245$aLe Saint-Siège et la diplomatie :$baperçu historique, juridique et pratique de la diplomatie pontificale$9(OLS)http://semarc/title/91609 996 $6260$aRoma - Parigi - Tournai - New-York :$bDesclée & C.$9(OLS)http://semarc/publisher/35898 LEADER 00988nam a2200253 i 4500 001 000000123001 003 CaOOAMICUS 005 20040213000000.0 008 040213s1983 it u000 u ita u 013 $a95696 020 $a88-05-01185-1 040 $aSeMil$bita 100 1 $aVeneruso, Danilo <1932- >.$0(OLS)http://semarc/name/15633 245 13$aLa questione sociale :$b1814-1914 /$cDanilo Veneruso . 260 $aTorino :$bSEI,$ccopyr. 1983. 300 $a118 p. ;$c22 cm. 490 0 $aIl lavoro storico : (documenti e critica) 830 3$aIl lavoro storico.$0(OLS)http://semarc/title/14560 850 $aSeMil 852 $aSeMil$W1$xVenegono$y1$m54 109 9 *$j77802$B77802$CSeMilBibl$Z2$F79981 $81 961 $aRecupero: Biblioteca Seminario Liceale 996 $6020$a88-05-01185-1$9(OLS)http://semarc/number/108601 996 $6245$aLa questione sociale :$b1814-1914$9(OLS)http://semarc/title/180975 996 $6260$aTorino :$bSEI$9(OLS)http://semarc/publisher/29848